|
|
|
|
| LEADER |
01475nam a2200409 a 4500 |
| 001 |
000764447 |
| 003 |
CZ BrMZK |
| 005 |
20050412091225.0 |
| 007 |
ta |
| 008 |
050222s2005 xr ac er 000 0dcze d |
| 015 |
|
|
|a cnb001499317
|
| 020 |
|
|
|a 80-86864-13-8
|q (váz.)
|
| 035 |
|
|
|a (OCoLC)85136509
|
| 040 |
|
|
|a BOA001
|b cze
|
| 041 |
1 |
|
|a cze
|h rus
|
| 043 |
|
|
|a e-xr---
|
| 072 |
|
7 |
|a 791/793
|x Divadlo, film, tanec (obecně)
|2 Konspekt
|9 3
|
| 072 |
|
7 |
|a 929
|x Biografie
|2 Konspekt
|9 8
|
| 080 |
|
|
|a 929
|2 MRF
|
| 080 |
|
|
|a 791/792.071.2
|2 MRF
|
| 080 |
|
|
|a (437.3)
|2 MRF
|
| 080 |
|
|
|a (0:82-94)
|2 MRF
|
| 100 |
1 |
|
|a Inov, Igor‘,
|d 1930-2003
|7 jo2002107912
|4 aut
|
| 245 |
1 |
0 |
|a Jak to všechno bylo, pane Werichu? /
|c Igor Inov ; přeložila Libuše Kozáková
|
| 250 |
|
|
|a Vyd. 2., (v této podobě 1.)
|
| 260 |
|
|
|a V Praze :
|b XYZ,
|c 2005
|
| 300 |
|
|
|a 313s. :
|b il., portréty ;
|c 22 cm
|
| 500 |
|
|
|a Přeloženo z ruštiny
|
| 600 |
1 |
7 |
|a Werich, Jan,
|d 1905-1980
|7 jk01151601
|2 czenas
|
| 650 |
0 |
7 |
|a herci
|7 ph117199
|z Česko
|y 20. stol.
|2 czenas
|
| 655 |
|
7 |
|a autobiografické vzpomínky
|7 fd131854
|2 czenas
|
| 700 |
1 |
|
|a Kozáková, Libuše,
|d 1935-
|7 jk01062585
|4 trl
|
| 856 |
4 |
1 |
|u http://www.digitalniknihovna.cz/mzk/uuid/uuid:d4ac0000-0287-11e4-9789-005056827e52
|y Digitalizovaný dokument
|x NDK
|
| 910 |
|
|
|a BOA001
|b 2-1148.124
|
| 990 |
|
|
|a BK
|
| 991 |
|
|
|b 200504
|c NOV
|
| 996 |
6 |
|
|b 2610243283
|c 2-1148.124
|l MZK
|r Sklad / do 1 hodiny
|n 1
|p p.v.
|w 000764447
|u 000010
|a 1
|e BOA001
|j MZK50
|s P
|